Mathematics With Applications in Management and Economics

Gespeichert in:
Bibliographische Detailangaben
1. Verfasser: Bowen, Earl K.
Format: Buch
Sprache:Englisch
Veröffentlicht: Homewood Irwin 1967
Ausgabe:1. ed.
Tags: Tag hinzufügen
Keine Tags, Fügen Sie das erste Tag hinzu!

MARC

LEADER 00000nam a2200000 4500
001 c026641
005 20221220103604.2
041 0 |a eng 
044 |a US 
245 1 0 |a Mathematics  |b With Applications in Management and Economics  |c Earl K. Bowen 
250 |a 1. ed. 
264 1 |a Homewood  |b Irwin  |c 1967 
300 |a 631 s. 
100 1 |a Bowen, Earl K.